[Event "Bogota Superate Intercol"]
[Site "Bogota"]
[Date "2014.10.22"]
[Round "3.12"]
[White "Vasquez, Hernan de Jesus"]
[Black "Perez, Jose Gabriel"]
[Result "0-1"]
[WhiteElo "1431"]
[BlackElo "1533"]
[PlyCount "55"]
[EventDate "2014.10.21"]
[EventType "swiss"]
[EventRounds "5"]
[EventCountry "COL"]
[SourceTitle "EXT 2024"]
[Source "ChessBase"]
[SourceDate "2023.10.10"]
[SourceVersion "1"]
[SourceVersionDate "2023.10.10"]
[SourceQuality "1"]

1. e4 e5 2. Nf3 Nc6 3. d4 d5 4. Nc3 Bb4 5. a3 Bxc3+ 6. bxc3 dxe4 7. Nd2 exd4 8. cxd4 Qxd4 9. Rb1 e3 10. fxe3 Qxe3+ 11. Qe2 Qxe2+ 12. Bxe2 Nf6 13. 0-0 0-0 14. Rb3 Nd4 15. Re3 Nxe2+ 16. Rxe2 b6 17. Bb2 Ba6 18. c4 Rfe8 19. Rxe8+ Rxe8 20. Bxf6 gxf6 21. Rxf6 Re2 22. Nf3 Bxc4 23. h4 Bd5 24. h5 Bxf3 25. Rxf3 c5 26. h6 b5 27. Rf6 Re6 28. Rf5 0-1

[Event "COL-ch U18"]
[Site "Cali"]
[Date "2014.04.03"]
[Round "1"]
[White "Vasquez, Hernan de Jesus"]
[Black "Polanco, Brayan Arley"]
[Result "0-1"]
[WhiteElo "1474"]
[BlackElo "1850"]
[PlyCount "78"]
[EventDate "2014.04.03"]
[EventType "swiss"]
[EventRounds "7"]
[EventCountry "COL"]
[SourceTitle "CBM 159 Extra"]
[Source "ChessBase"]
[SourceDate "2014.04.24"]
[SourceVersion "1"]
[SourceVersionDate "2014.04.24"]
[SourceQuality "1"]

1. e4 c5 2. Nf3 d6 3. Bc4 Nf6 4. d3 g6 5. Ng5 e6 6. Qf3 Bg7 7. 0-0 0-0 8. Qh3 Nc6 9. b3 d5 10. Bb2 h6 11. Bb5 hxg5 12. Na3 e5 13. Qg3 dxe4 14. Rad1 Nh5 15. Qe3 Nd4 16. dxe4 Qb6 17. Qxg5 Nxb5 18. Nxb5 Qxb5 19. Bxe5 Bxe5 20. Qxe5 Qe8 21. Qxc5 Qxe4 22. Rfe1 Qc6 23. Qxc6 bxc6 24. g3 Bf5 25. c3 Rad8 26. Rxd8 Rxd8 27. Re7 Bh3 28. Re1 Ng7 29. f4 Rd2 30. a4 Nh5 31. b4 Nf6 32. c4 Ng4 33. Rf1 Rg2+ 34. Kh1 Rxh2+ 35. Kg1 Rg2+ 36. Kh1 Nh2 37. Rg1 Ra2 38. b5 Nf3 39. Rd1 Bg2# 0-1